面积最大的50个地级行政区 The 50 largest China prefecture-level regions - Statistics

General Stats
  • This quiz has been taken 168 times
  • The average score is 42 of 50
Answer Stats
面积/km² 县区 % Correct
325800 海西州
98%
252777 呼伦贝尔市
98%
182000 日喀则市
98%
470954 巴音郭楞州
97%
192000 酒泉市
97%
79254 山南市
97%
430000 那曲市
96%
270200 阿拉善盟
96%
108600 昌都市
96%
249147 和田地区
95%
117699 阿勒泰地区
95%
337175 阿里地区
93%
267000 玉树州
93%
149599 甘孜州
93%
137579 喀什地区
93%
83016 阿坝州
93%
142095 哈密市
92%
117000 林芝市
92%
67563 吐鲁番市
92%
206200 锡林郭勒盟
91%
86752 鄂尔多斯市
90%
60294 凉山州
89%
44500 海南州
89%
90275 赤峰市
88%
73140 昌吉州
88%
59535 通辽市
88%
83000 大兴安岭地区
87%
76442 果洛州
87%
53068 哈尔滨市
87%
64400 巴彦淖尔市
86%
59806 兴安盟
86%
127145 阿克苏地区
85%
94698 塔城地区
84%
68726 黑河市
83%
56382 伊犁州
83%
55000 乌兰察布市
83%
38600 张掖市
78%
43578 榆林市
77%
39519 承德市
77%
36357 张家口市
76%
72468 克孜勒苏州
75%
42469 齐齐哈尔市
74%
37037 延安市
71%
40600 牡丹江市
66%
39365 赣州市
66%
45385 普洱市
63%
43747 延边州
62%
45000 甘南州
61%
34873 绥化市
59%
36201 百色市
55%
No matching quizzes found
Score Distribution
Percent of People with Each Score
Percentile by Number Answered
Your Score History
You have not taken this quiz